Kabale University Library Catalogue

Trigonometry for College Students / (Record no. 1863)

MARC details
000 -LEADER
fixed length control field 00538nam a22001817a 4500
005 - DATE AND TIME OF LATEST TRANSACTION
control field 20201005094409.0
008 - FIXED-LENGTH DATA ELEMENTS--GENERAL INFORMATION
fixed length control field 201005b ||||| |||| 00| 0 eng d
020 ## - INTERNATIONAL STANDARD BOOK NUMBER
International Standard Book Number 0818501987
040 ## - CATALOGING SOURCE
Transcribing agency KABLIB
082 ## - DEWEY DECIMAL CLASSIFICATION NUMBER
Edition number 23
Classification number 516.24
Item number SMI
100 ## - MAIN ENTRY--PERSONAL NAME
Personal name Smith,Karl J.
9 (RLIN) 5212
245 ## - TITLE STATEMENT
Title Trigonometry for College Students /
Statement of responsibility, etc. Karl J.Smith.
260 ## - PUBLICATION, DISTRIBUTION, ETC.
Place of publication, distribution, etc. California :
Name of publisher, distributor, etc. Brooks Publishing Company ,
Date of publication, distribution, etc. c1977.
300 ## - PHYSICAL DESCRIPTION
Extent viii,283p.:ill.(B&W) ;
Dimensions 24cm.
500 ## - GENERAL NOTE
General note includes :index (p.279-283)
650 ## - SUBJECT ADDED ENTRY--TOPICAL TERM
Topical term or geographic name entry element trigonometry
9 (RLIN) 5213
942 ## - ADDED ENTRY ELEMENTS (KOHA)
Source of classification or shelving scheme Dewey Decimal Classification
Koha item type Book
Holdings
Withdrawn status Lost status Source of classification or shelving scheme Damaged status Not for loan Home library Current library Shelving location Date acquired Total Checkouts Full call number Barcode Date last seen Price effective from Koha item type
    Dewey Decimal Classification     Education Library Education Library Open Access Section 05.10.2020   516.24 SMI 783 05.10.2020 05.10.2020 Book

Kabale University Library | Kabale University P.O Box 317, Kabale, Uganda
Tel : +256754017033, +256774661503 E-mail : library@kab.ac.ug